000 00838nam a2200241 i 4500
001 24425
003 ES-MaACL
005 20250804082041.0
007 t|
008 021217s1987 sp ||||1| spa d
020 _a84-85630-42-4
100 1 _aAntón, Amador.
_921934
245 1 0 _aLógica matemática.
_n1,
_pLógica de enunciados
_b: ejercicios /
_cAmador Antón, Pascual Casañ.
250 _a3ª ed. corr.
260 _aValencia :
_bUniversidad, Departamento de Lógica y Filosofía de la Ciencia, Facultad de Filosofía y Ciencias de la Educación :
_bNau Llibres,
_c1987.
300 _a152 p. :
_bgráf. ;
_c24 cm.
500 _aIndice.
504 _aBibliografía.
650 7 _aLógica matemática
_2embne
_914697
700 1 _aCasañ, Pascual.
_936144
852 _aES-MaACL
_jP-642
_bR.114761
999 _c24425
_d24425